Agriscience Fundamentals & Application (Record no. 4335)

MARC details
000 -LEADER
fixed length control field 00395nam a22001457a 4500
008 - FIXED-LENGTH DATA ELEMENTS--GENERAL INFORMATION
fixed length control field 250716b |||||||| |||| 00| 0 eng d
020 ## - INTERNATIONAL STANDARD BOOK NUMBER
ISBN 9789353503048
100 ## - MAIN ENTRY--AUTHOR
Author Burton Devere L.
245 ## - TITLE STATEMENT
Title Agriscience Fundamentals & Application
260 ## - PUBLICATION, DISTRIBUTION, ETC. (IMPRINT)
Place of publication New Delhi
Name of publisher Lengage Learning India Pvt Ltd
Date of publication 2020
300 ## - COLLATION
Pagination xix, 878p.
Other physical details ill.
650 ## - TRACINGS
Main Subject Agriculture
942 ## - ADDED ENTRY ELEMENTS (KOHA)
Item type Books
050 ## - LIBRARY OF CONGRESS CALL NUMBER
Classification number S495
Item number .B87
Holdings
Source of classification or shelving scheme Not for loan Permanent location Current location Date acquired Accession No. Full call number Barcode. Koha item type
Library of Congress Classification   Samuel Ogbemudia Main Library, University of Abuja Samuel Ogbemudia Main Library, University of Abuja 07/16/2025 2023/61865 S495.B87 2025-3102 Books